|
|
|
|
| LEADER |
00000cam a2200000 7i4500 |
| 001 |
0000006095 |
| 005 |
20151222.0 |
| 008 |
070727 |
| 020 |
|
|
|a 9835807973
|
| 090 |
0 |
0 |
|a SC
|b ENG
|
| 245 |
1 |
0 |
|a Exploring life Science :
|b 11 Index
|
| 260 |
|
|
|a Malaysia :
|b Federal Publication ,
|c 2003
|
| 500 |
|
|
|a Children ages 10-12 years old (pink)
|
| 650 |
|
0 |
|a Science
|x Juvenile literature
|
| 999 |
|
|
|a 0000888576
|b Book
|c Children Collection
|e Cawangan Bandar Penawar
|
| 999 |
|
|
|a 0000983261
|b Book
|c Children Collection
|e Cawangan Batu Pahat
|
| 999 |
|
|
|a 0000983263
|b Book
|c Children Collection
|e Cawangan Segamat
|
| 999 |
|
|
|a 0000983264
|b Book
|c Children Collection
|e Cawangan Segamat
|
| 999 |
|
|
|a 0000986936
|b Book
|c Children Collection
|e Cawangan Taman Universiti
|
| 999 |
|
|
|a 0000986937
|b Book
|c Children Collection
|e Cawangan Taman Universiti
|
| 999 |
|
|
|a 0000986938
|b Book
|c Children Collection
|e Cawangan Taman Universiti
|
| 999 |
|
|
|a 0000986939
|b Book
|c Children Collection
|e Cawangan Taman Universiti
|
| 999 |
|
|
|a 0000986940
|b Book
|c Children Collection
|e Cawangan Taman Universiti
|
| 999 |
|
|
|a 0001086255
|b Book
|c Children Collection
|e Cawangan Segamat
|
| 999 |
|
|
|a 0001140221
|b Book
|c Children Collection
|e Cawangan Segamat
|
| 999 |
|
|
|a 0001140222
|b Book
|c Children Collection
|e Cawangan Bandar Penawar
|
| 999 |
|
|
|a 0001140244
|b Book
|c Children Collection
|e Cawangan Bukit Gambir
|
| 999 |
|
|
|a 0001143502
|b Book
|c Children Collection
|e Cawangan Taman Universiti
|
| 999 |
|
|
|a 0001143503
|b Book
|c Children Collection
|e Cawangan Batu Pahat
|
| 999 |
|
|
|a 0001143507
|b Book
|c Children Collection
|e Cawangan Pontian
|
| 999 |
|
|
|a 0001143508
|b Book
|c Children Collection
|e Cawangan Tmn. Ungku Tun Aminah
|
| 999 |
|
|
|a 0001143509
|b Book
|c Children Collection
|e Cawangan Bandar Penawar
|
| 999 |
|
|
|a 0001144630
|b Book
|c Children Collection
|e Cawangan Bandar Tenggara
|
| 999 |
|
|
|a 0001144634
|b Book
|c Children Collection
|e Cawangan Pontian
|
| 999 |
|
|
|a 0001144637
|b Book
|c Children Collection
|e Cawangan Taman Universiti
|
| 999 |
|
|
|a 0001144645
|b Book
|c Children Collection
|e Cawangan Taman Universiti
|
| 999 |
|
|
|a 0001144649
|b Book
|c Children Collection
|e Cawangan Bandar Tenggara
|
| 999 |
|
|
|a 0001144678
|b Book
|c Children Collection
|e Cawangan Segamat
|
| 999 |
|
|
|a 0001146608
|b Book
|c Teenagers
|e Cawangan Bandar Tenggara
|
| 999 |
|
|
|a 0001147361
|b Book
|c Children Collection
|e Cawangan Tangkak
|
| 999 |
|
|
|a 0001147362
|b Book
|c Children Collection
|e Cawangan Bandar Tenggara
|
| 999 |
|
|
|a 0001150951
|b Book
|c Children Collection
|e Cawangan Segamat
|
| 999 |
|
|
|a 0001150987
|b Book
|c Children Collection
|e Cawangan Segamat
|
| 999 |
|
|
|a 0001150997
|b Book
|c Children Collection
|e Cawangan Segamat
|